00341 2200145 4500001002100000005001500021035002000036245004500056100001800101300001100119260003100130082000800161084001400169990001200183INLIS00000000000200320250527083649 a0010-05250002951 aCurie & Radio Aktivitas /cpaul stratern0 apaul stratern a90 hlm ajakarta :bErlangga,c2002 a900 a900 PAU c a0713101